000 01374naa a22004217a 4500
001 BR6009745
003 BR-BrBNA
005 20240918173106.0
007 ta
008 230509b bl.||||| |||| 00| 0 por d
040 _aBR-BrBNA
_bpor
_cBiblioteca Nacional de Agricultura
041 _a(Pt)
072 _aL00; E15
_b5214
_b9410
_bG514
090 _aL00 BR6009745
100 1 _aMachado, G.P.
100 1 _aBlauth, S.
100 1 _aLieber, G.
100 1 _aMachado, A.C.P.
100 1 _aRodrigues, P.E.
111 1 _a1. Foro Agricola do Rio Grande do Sul
_cPorto Alegre RS (Brazil)
_d26 Sep 1960
245 1 _aPecuaria leiteira [Producao leiteira; Rio Grande do Sul; Brasil]
260 3 _aPorto Alegre, RS (Brasil):
_c1960.
500 _aAnais do 1. Foro Agricola do Rio Grande do Sul Porto Alegre, RS (Brasil): 1960. p. 179-202 (BR6009745-AM)L00
650 _aProducao animal
650 _aMicroeconomia
650 _aGado leiteiro
650 _aLeite
650 _aProducao leiteira
650 _aProdutor
650 _aCusto
650 _aAbastecimento
650 _aIndustria alimenticia
650 _aFinanciamento
650 _aRio Grande do Sul
773 0 _tAnais do 1. Foro Agricola do Rio Grande do Sul
_wL00 BR6009745
_gPorto Alegre, RS (Brasil), 1960. p. 179-202
909 _a202404
_bLucia
_c55
_dLucia Elande
942 _cAM
_2AGRIS
999 _c302827
_d302827